00149nam a2200061Ia 4500008004100000100002000041245002600061120527s9999 xx 000 0 und d aMclntyreJ. Lisa aThe Practical skeptic